000 01727nam a22002777a 4500
005 20111219094853.0
010 _aENG-104378 B-489399-402
020 _a9788175156463
_c400.00
035 _aEN -87911 B-489399-402
037 _bDBAD/PUB
037 _bAllied Pub/Ven
082 _a620.00151
100 _aVenkata Krishna, M.
_955040
245 _aA text book of engineering mathematics /
_cby M.Venkata Krishna [and] G.Shanker Rao
260 _aNew Delhi
_bGalgotia Publications
_c2011
270 _a5, Ansari Road, Darya Ganj,
_bNew Delhi
_e110002
300 _axix,837p.
_c24cm.(pbk)
700 _aShanker Rao, G.
_937026
942 _2ddc
_cEN
_mVEN
_h620.00151
999 _c59551
_d59551